Top 3 Countries by Category - Statistics

General Stats
  • This quiz has been taken 498 times
    296 since last reset
  • The average score is 10 of 18
Answer Stats
Hint Answer % Correct
Largest Population United States of America
97%
Largest Population China
93%
Largest Population India
93%
Coldest Russia
90%
Smallest Population Vatican City
86%
Coldest Canada
82%
Richest Countries Per Capita Norway
75%
Smallest Population Nauru
62%
Smallest Population Tuvalu
53%
Richest Countries Per Capita Luxembourg
52%
Richest Countries Per Capita Switzerland
51%
Hottest Mali
37%
Poorest Countries Per Capita Central African Republic
35%
Coldest Kazakhstan
27%
Poorest Countries Per Capita Burundi
24%
Hottest Burkina Faso
19%
Hottest Senegal
12%
Poorest Countries Per Capita Liberia
11%
No matching quizzes found
Score Distribution
Percent of People with Each Score
Percentile by Number Answered
Your Score History
You have not taken this quiz since the last reset